| 000 | 00874nam a2200265 a 4500 | ||
|---|---|---|---|
| 001 | |||
| 003 | DO-SdBNP | ||
| 005 | 20210906081719.0 | ||
| 008 | 091118s1977 dr r 000 0 spa d | ||
| 040 |
_aDO-SdBNP _bspa _cBPMSU |
||
| 082 |
_aRD863. 44 _bR696c, 1977 _222 |
||
| 100 | 1 |
_aRodríguez Demorizi, Emilio, _d1908-1986 |
|
| 245 | 1 | 0 |
_aCuentos de política criolla / : _bEmilio Rodríquez Demorizi ; prólogo Juan Bosch. |
| 250 | _a2a. ed. | ||
| 260 |
_aSanto Domingo : _bLibrería Dominicana, _c1977. |
||
| 300 |
_a240, [3] p. ; _c19 cm. |
||
| 490 | 0 |
_aPensamiento dominicano _v28 |
|
| 500 | _aIncluye referencias bibliográficas y notas al pie de las páginas | ||
| 590 | _aInventariado, 2019/BT | ||
| 650 | 4 | _aCuentos dominicanos | |
| 650 | 0 | _aLiteratura dominicana. | |
| 700 | 1 |
_a Bosch, Juan, _d1909-2001 _epról. _91 |
|
| 910 | _aVMateo V. | ||
| 942 |
_2ddc _cBK |
||
| 999 |
_c13719 _d13719 |
||